[Event "Bayrische EM (D)"]
[Site "Bad Königshofen"]
[Date "2010.08.27"]
[Round "7.4"]
[White "Roos, Karin"]
[Black "Narr, Irmgard"]
[Result "1-0"]
[WhiteElo "1846"]
[BlackElo "1760"]
[PlyCount "73"]
[EventDate "2010.??.??"]
[WhiteTeam "FC Bayern München e.V."]
[BlackTeam "SC Mühlhof-Reichelsdorf e.V."]

1. e4 e6 2. Qe2 b6 3. Nf3 Bb7 4. g3 Ne7 5. Bg2 Ng6 6. d4 d6 7. O-O Be7 8. c4
Nd7 9. Nc3 a6 10. b3 O-O 11. Bb2 Rb8 12. Rac1 Re8 13. Rfe1 c5 14. d5 e5 15. Nd1
Nf6 16. Rc2 Bc8 17. Bc1 Bd7 18. h3 Qc8 19. Kh2 b5 20. Nd2 b4 21. Ne3 a5 22. h4
Ng4+ 23. Nxg4 Bxg4 24. f3 Bd7 25. Qf1 Ra8 26. h5 Nf8 27. Bh3 h6 28. Qg2 Nh7 29.
f4 Nf6 30. fxe5 dxe5 31. Nf3 Bd6 32. Nh4 Bxh3 33. Qxh3 Qxh3+ 34. Kxh3 Nxh5 35.
Nf5 Ra6 36. Rf1 Nf6 37. Nxh6+ {
unmöglicher Zug Sxe4 nicht bemerkt noch weitere 25 Züge} 1-0

[Event "Bayrische EM (D)"]
[Site "Bad Königshofen"]
[Date "2010.08.27"]
[Round "7.5"]
[White "Weiss, Monika"]
[Black "Müller, Liliane"]
[Result "0-1"]
[WhiteElo "1661"]
[BlackElo "1597"]
[PlyCount "100"]
[EventDate "2010.??.??"]
[WhiteTeam "SC Bavaria Regensb.1881"]
[BlackTeam "1.Schachklub Neuperlach e.V."]

1. e4 e6 2. d4 d5 3. e5 c5 4. c3 Nc6 5. Nf3 cxd4 6. cxd4 Nge7 7. Bd3 Nf5 8.
Bxf5 exf5 9. O-O Be7 10. Nc3 Be6 11. a3 O-O 12. b4 Rc8 13. Qd3 Qc7 14. Ne2 Nd8
15. Bf4 Qc2 16. Qe3 Qe4 17. Rfc1 Qxe3 18. Bxe3 Nc6 19. Nf4 h6 20. Bd2 g5 21.
Ne2 f4 22. b5 Nb8 23. a4 Bf5 24. Rxc8 Rxc8 25. Rc1 Rxc1+ 26. Bxc1 Bb4 27. Bb2
Bc2 28. Bc3 Ba3 29. Ba1 Bxa4 30. Nc3 Bb3 31. Nd2 Bc4 32. Nxc4 dxc4 33. Ne4 Nd7
34. Bc3 Kf8 35. d5 a6 36. bxa6 bxa6 37. Nd2 Nb6 38. d6 Bc1 39. Ne4 Nd5 40. Ba5
Ba3 41. d7 Be7 42. Nd6 c3 43. Ne4 c2 44. Bd2 Bd8 45. Bc1 Ke7 46. Nc5 a5 47. Ba3
Nb4 48. Kf1 Bb6 49. Na4 Bd8 50. Ke2 Kxd7 0-1

[Event "Bayrische EM (D)"]
[Site "Bad Königshofen"]
[Date "2010.08.27"]
[Round "7.6"]
[White "Groschwitz, Isabella"]
[Black "Stegmaier, Erika"]
[Result "1-0"]
[WhiteElo "1442"]
[BlackElo "1600"]
[PlyCount "87"]
[EventDate "2010.??.??"]
[WhiteTeam "SF Fichtelgebirge"]
[BlackTeam "1.Schachklub Neuperlach e.V."]

1. d4 d5 2. Nf3 Nf6 3. Bf4 e6 4. e3 Nbd7 5. Bd3 Be7 6. c3 O-O 7. Qc2 b6 8. e4
dxe4 9. Bxe4 Nxe4 10. Qxe4 Rb8 11. Qc6 Rb7 12. Nbd2 Nb8 13. Qe4 c5 14. O-O Nd7
15. Qe3 Nf6 16. Ne5 Bd7 17. Ne4 Nd5 18. Qg3 Nxf4 19. Qxf4 f6 20. Nf3 Bc6 21.
dxc5 bxc5 22. b3 Rd7 23. Qe3 Bxe4 24. Qxe4 e5 25. c4 h6 26. Qe2 Qc8 27. Nh4 Rd4
28. Qh5 Qg4 29. Qxg4 Rxg4 30. Nf5 Re8 31. Rad1 Bf8 32. Rd7 g6 33. Ne3 Ra8 34.
Nxg4 Bg7 35. Rfd1 h5 36. Rd8+ Rxd8 37. Rxd8+ Kh7 38. Ne3 f5 39. Rc8 e4 40. Rxc5
Bd4 41. Rc7+ Kh6 42. c5 f4 43. Nc2 Bc3 44. Re7 1-0

[Event "Bayrische EM (D)"]
[Site "Bad Königshofen"]
[Date "2010.08.27"]
[Round "7.7"]
[White "Schneider, Simone"]
[Black "Zürner, Bianca"]
[Result "1-0"]
[WhiteElo "1434"]
[BlackElo "1231"]
[PlyCount "95"]
[EventDate "2010.??.??"]
[WhiteTeam "Schachklub Immenstadt"]
[BlackTeam "SV Thiersheim"]

1. Nf3 e6 2. g3 Nf6 3. Bg2 d5 4. O-O g6 5. d3 Bg7 6. c4 c6 7. Nbd2 d4 8. Nb3
Ng4 9. h3 Nh6 10. Rb1 Nf5 11. e3 dxe3 12. Bxe3 Nxe3 13. fxe3 Na6 14. Nfd4 Bxd4
15. Nxd4 Qd6 16. Qf3 O-O 17. Rbd1 Bd7 18. Ne2 Rae8 19. a3 b6 20. g4 Re7 21. Ng3
f5 22. g5 Ref7 23. h4 Qe7 24. Rf2 h6 25. Bh1 hxg5 26. h5 g4 27. Qf4 g5 28. Qe5
Qf6 29. Qxf6 Rxf6 30. Rh2 Rh6 31. d4 Nc7 32. b4 f4 33. exf4 Rxf4 34. Be4 Be8
35. a4 Rf7 36. Rf1 Rhf6 37. Rxf6 Rxf6 38. h6 Rf7 39. Rh5 Rf1+ 40. Kxf1 Bxh5 41.
Nxh5 c5 42. bxc5 bxc5 43. dxc5 a5 44. h7+ Kh8 45. Kg2 e5 46. Kg3 Ne6 47. c6 Nf8
48. c7 1-0

[Event "Bayrische EM (D)"]
[Site "Bad Königshofen"]
[Date "2010.08.28"]
[Round "8.1"]
[White "Dauer, Christina"]
[Black "Nieberle, Cornelia"]
[Result "1-0"]
[WhiteElo "1882"]
[BlackElo "1722"]
[PlyCount "141"]
[EventDate "2010.??.??"]
[WhiteTeam "Spgem Kötz/Ichenhausen"]
[BlackTeam "SK Bobingen"]

1. e4 e5 2. Nf3 Nc6 3. Bb5 Bc5 4. O-O d6 5. c3 Bg4 6. d4 Bxf3 7. gxf3 exd4 8.
cxd4 Bb4 9. Qa4 Qf6 10. Qxb4 Qxf3 11. Qc3 Qg4+ 12. Qg3 Qxe4 13. Qe3 Qxe3 14.
fxe3 a6 15. Bc4 Nf6 16. Nc3 O-O 17. Bd2 Rae8 18. h3 Nb4 19. Bb3 Nd3 20. a3 c5
21. Rab1 Rc8 22. Bc4 cxd4 23. Bxd3 dxc3 24. Bxc3 Nd5 25. Bd4 Rfe8 26. Rf3 b5
27. Rbf1 f6 28. Bb1 Ne7 29. Rg3 Ng6 30. Bxg6 hxg6 31. Rxg6 Kf7 32. Rg3 Rc2 33.
Rf2 Rc1+ 34. Kh2 Rg8 35. Bc3 Re8 36. Rfg2 Rg8 37. e4 Rd1 38. Rf2 Re8 39. Rfg2
Rg8 40. Rd2 Rxd2+ 41. Bxd2 Re8 42. Re3 Rc8 43. Bc3 Ke6 44. Kg3 Rc4 45. Kf3 Rc8
46. Re1 Rh8 47. Kg3 Rh5 48. h4 g5 49. hxg5 Rxg5+ 50. Kf4 Rh5 51. Rg1 Rh4+ 52.
Rg4 Rh1 53. Rg8 Rf1+ 54. Ke3 d5 55. Ra8 dxe4 56. Rxa6+ Kd5 57. Rxf6 Rh1 58.
Rf5+ Kc4 59. Kxe4 Rh4+ 60. Rf4 Rh5 61. Ke3+ Kc5 62. Bb4+ Kd5 63. b3 Rh3+ 64.
Rf3 Rh4 65. Bc3 Kc5 66. Rf5+ Kb6 67. Rf4 Rh3+ 68. Kd4 Kc6 69. Rf6+ Kc7 70. Re6
Rh4+ 71. Kc5 1-0

[Event "Bayrische EM (D)"]
[Site "Bad Königshofen"]
[Date "2010.08.28"]
[Round "8.2"]
[White "Zwetz, Anita"]
[Black "Roos, Karin"]
[Result "1-0"]
[WhiteElo "1876"]
[BlackElo "1846"]
[PlyCount "151"]
[EventDate "2010.??.??"]
[WhiteTeam "TSV Kareth-Lappersdorf"]
[BlackTeam "FC Bayern München e.V."]

1. d4 g6 2. Bg5 Bg7 3. c3 Nf6 4. Nd2 d5 5. Bxf6 Bxf6 6. e4 c6 7. e5 Bg7 8. Bd3
O-O 9. Qe2 f5 10. f4 b6 11. Ngf3 a5 12. h4 Ba6 13. Bxa6 Nxa6 14. h5 Qe8 15. Ng5
h6 16. Ne6 c5 17. Nxf8 Kxf8 18. Nf3 gxh5 19. Qd3 Qg6 20. Nh4 Qe8 21. Qxf5+ Kg8
22. Qe6+ Qf7 23. Qxf7+ Kxf7 24. Nf5 cxd4 25. Nxd4 Nc5 26. Ke2 Rg8 27. Rxh5 e6
28. g4 Ne4 29. Rg1 Bf8 30. Rg2 Rg6 31. Kf3 a4 32. a3 Ke8 33. f5 exf5 34. Nxf5
Ng5+ 35. Kg3 Kd7 36. Re2 Ne4+ 37. Kf4 Ke6 38. Nd4+ Ke7 39. Nf3 Rc6 40. Rxe4
dxe4 41. Kxe4 Rc5 42. Nd4 Ke8 43. Ne6 Rc4+ 44. Kf5 Rc6 45. Nxf8 Kxf8 46. g5
hxg5 47. Rxg5 Rc5 48. Rg6 Rb5 49. Rg2 Ke7 50. c4 Rb3 51. Rh2 Rf3+ 52. Ke4 Rf1
53. Rh7+ Kd8 54. Rb7 Re1+ 55. Kd5 Rd1+ 56. Ke6 Rc1 57. Kd5 Rd1+ 58. Kc6 Rc1 59.
Kb5 Rc2 60. Rxb6 Rxb2+ 61. Ka5 Rb3 62. Rd6+ Ke7 63. Kxa4 Re3 64. Rd5 Ke6 65.
Kb4 Re1 66. a4 Rb1+ 67. Kc5 Ra1 68. Kb5 Rb1+ 69. Kc6 Ra1 70. a5 Rc1 71. Rc5 Ra1
72. Kb7 Rb1+ 73. Rb5 Rc1 74. a6 Rxc4 75. a7 Kd7 76. a8=Q 1-0

[Event "Bayrische EM (D)"]
[Site "Bad Königshofen"]
[Date "2010.08.28"]
[Round "8.3"]
[White "Lorenz, Oda"]
[Black "Groschwitz, Isabella"]
[Result "1-0"]
[WhiteElo "1875"]
[BlackElo "1442"]
[PlyCount "63"]
[EventDate "2010.??.??"]
[WhiteTeam "Schachges. Augsburg 1873"]
[BlackTeam "SF Fichtelgebirge"]

1. e4 e5 2. Nf3 Nc6 3. Bb5 d6 4. c3 Bd7 5. d4 exd4 6. cxd4 Nf6 7. Nc3 a6 8. Ba4
Be7 9. O-O O-O 10. h3 Qc8 11. a3 b5 12. Bc2 Na5 13. e5 Ne8 14. Nd5 Qd8 15. Qd3
g6 16. Bh6 Ng7 17. Qc3 Nc6 18. Be4 Rb8 19. Nf6+ Bxf6 20. exf6 Qxf6 21. Bxc6 Bf5
22. Rfe1 Rfd8 23. Bg5 Qxg5 24. Nxg5 Ne6 25. Nxe6 Bxe6 26. d5 Bf5 27. Qf6 Rf8
28. Re7 Rbc8 29. Rae1 h5 30. Be8 Kh7 31. Rxf7+ Rxf7 32. Bxf7 1-0

[Event "Bayrische EM (D)"]
[Site "Bad Königshofen"]
[Date "2010.08.28"]
[Round "8.4"]
[White "Gremer, Kathrin"]
[Black "Weiss, Monika"]
[Result "0-1"]
[WhiteElo "1743"]
[BlackElo "1661"]
[PlyCount "144"]
[EventDate "2010.??.??"]
[WhiteTeam "SC Steinwiesen"]
[BlackTeam "SC Bavaria Regensb.1881"]

1. e4 d6 2. d4 Nf6 3. Nc3 g6 4. Nf3 Bg7 5. Bc4 O-O 6. O-O c6 7. Re1 b5 8. Bb3
a5 9. a3 Bg4 10. h3 Bxf3 11. Qxf3 e5 12. d5 Qb6 13. dxc6 Nxc6 14. Be3 Qb7 15.
Rad1 Ne8 16. Nd5 a4 17. Ba2 Na5 18. Bd2 Nc4 19. Bxc4 bxc4 20. Bb4 Ra6 21. Re2
f5 22. exf5 Qd7 23. f6 Bxf6 24. Nxf6+ Nxf6 25. Qc3 Qc6 26. Red2 Ne4 27. Qe3
Nxd2 28. Qxd2 Rd8 29. Qe2 Ra7 30. Bc3 Re8 31. Qd2 Re6 32. Qe3 Rd7 33. f4 Rde7
34. Kh2 exf4 35. Qxf4 d5 36. Rf1 Qc7 37. Qxc7 Rxc7 38. Rd1 Rd7 39. Rd2 Re4 40.
Kg3 d4 41. Bb4 Re3+ 42. Kf2 Rf7+ 43. Kg1 d3 44. cxd3 cxd3 45. Bc3 Kf8 46. Bd4
Re1+ 47. Kh2 Ke8 48. Rxd3 Rd7 49. Re3+ Rxe3 50. Bxe3 Rb7 51. Bd4 Kd7 52. Kg3
Kd6 53. Bc3 Kc5 54. Kg4 Kc4 55. Kg5 Kd3 56. g3 Kc2 57. Kh6 Rxb2 58. Bxb2 Kxb2
59. Kxh7 Kxa3 60. Kxg6 Kb3 61. h4 a3 62. h5 a2 63. h6 a1=Q 64. g4 Qa6+ 65. Kg7
Qb7+ 66. Kg6 Qe4+ 67. Kh5 Qe8+ 68. Kg5 Qf7 69. Kh4 Qg6 70. g5 Kc4 71. Kg4 Kd4
72. Kf4 Kd5 0-1

[Event "Bayrische EM (D)"]
[Site "Bad Königshofen"]
[Date "2010.08.28"]
[Round "8.5"]
[White "Narr, Irmgard"]
[Black "Müller, Liliane"]
[Result "1-0"]
[WhiteElo "1760"]
[BlackElo "1597"]
[PlyCount "50"]
[EventDate "2010.??.??"]
[WhiteTeam "SC Mühlhof-Reichelsdorf e.V."]
[BlackTeam "1.Schachklub Neuperlach e.V."]

1. e4 e6 2. Nf3 d5 3. exd5 exd5 4. d4 Bf5 5. Bd3 Bxd3 6. Qxd3 Nf6 7. O-O Be7 8.
c3 O-O 9. Bf4 Nbd7 10. Nbd2 c5 11. Rfe1 cxd4 12. Nxd4 Nc5 13. Qh3 Re8 14. Nf5
Bf8 15. Bg5 Qb6 16. b3 Nce4 17. Be3 Qc7 18. Nxe4 Nxe4 19. Bd4 Ng5 20. Qg4 Ne6
21. Be5 Qb6 22. Nh6+ Kh8 23. Nxf7+ Kg8 24. Nh6+ Kh8 25. Qf5 Qd8 1-0

[Event "Bayrische EM (D)"]
[Site "Bad Königshofen"]
[Date "2010.08.28"]
[Round "8.6"]
[White "Zürner, Bianca"]
[Black "Nieberle, Julia"]
[Result "0-1"]
[WhiteElo "1231"]
[BlackElo "1515"]
[PlyCount "90"]
[EventDate "2010.??.??"]
[WhiteTeam "SV Thiersheim"]
[BlackTeam "SK Bobingen"]

1. d4 d5 2. Bf4 Nf6 3. Nf3 Bg4 4. Nbd2 e6 5. e3 c5 6. c3 Qb6 7. b3 Ne4 8. Be2
Nxc3 9. Qc2 Nxe2 10. Kxe2 Nc6 11. dxc5 Bxc5 12. Ke1 O-O 13. Ne5 Nxe5 14. Bxe5
Rac8 15. Qb2 f6 16. Bd4 Bxd4 17. Qxd4 Qxd4 18. exd4 Rc2 19. f3 Bf5 20. g4 Bd3
21. Kd1 Rfc8 22. h4 Rb2 23. Rh2 Rcc2 24. a4 Rxb3 25. Rc1 Rxc1+ 26. Kxc1 Ra3 27.
Kb2 Rxa4 28. Nb3 Bc4 29. Nc1 b5 30. Rc2 Kf7 31. f4 a5 32. g5 fxg5 33. fxg5 Kg6
34. Rh2 b4 35. Rh3 Ra3 36. Rxa3 bxa3+ 37. Kxa3 Kh5 38. Ka4 Kxh4 39. Kxa5 Kxg5
40. Kb4 Kf4 41. Kc3 h5 42. Nd3+ Bxd3 43. Kxd3 Kf3 44. Kd2 Kf2 45. Kd3 h4 0-1

[Event "Bayrische EM (D)"]
[Site "Bad Königshofen"]
[Date "2010.08.28"]
[Round "8.7"]
[White "Stegmaier, Erika"]
[Black "Schneider, Simone"]
[Result "0-1"]
[WhiteElo "1600"]
[BlackElo "1434"]
[PlyCount "82"]
[EventDate "2010.??.??"]
[WhiteTeam "1.Schachklub Neuperlach e.V."]
[BlackTeam "Schachklub Immenstadt"]

1. c4 Nf6 2. Nc3 g6 3. g3 Bg7 4. Bg2 O-O 5. d4 c6 6. Nf3 d5 7. cxd5 cxd5 8. O-O
Nc6 9. e3 Bf5 10. a3 Rc8 11. Nh4 Be6 12. Bd2 Qd7 13. b4 g5 14. Nf3 h6 15. Rc1
Bg4 16. Qb3 Rfd8 17. Rfe1 Qf5 18. Qc2 Ne4 19. Nxe4 dxe4 20. Ne5 Nxe5 21. Qxe4
Qxe4 22. Bxe4 Bf3 23. dxe5 Bxe4 24. Rxc8 Rxc8 25. f4 f6 26. exf6 Bxf6 27. a4
Rc2 28. Bc1 Bc3 29. Rd1 Bf3 30. Rd8+ Kg7 31. Ba3 Ra2 32. Rd7 Kf6 33. fxg5+ hxg5
34. Bc1 Ra1 35. Kf2 Bc6 36. Rd1 Bxa4 37. Rf1 Ra2+ 38. Kg1+ Ke6 39. e4 Re2 40.
Bxg5 Bd4+ 41. Kh1 Bc6 0-1

[Event "Bayrische EM (D)"]
[Site "Bad Königshofen"]
[Date "2010.08.29"]
[Round "9.1"]
[White "Nieberle, Julia"]
[Black "Lorenz, Oda"]
[Result "0-1"]
[WhiteElo "1515"]
[BlackElo "1875"]
[PlyCount "54"]
[EventDate "2010.??.??"]
[WhiteTeam "SK Bobingen"]
[BlackTeam "Schachges. Augsburg 1873"]

1. e4 e5 2. Nf3 Nc6 3. Bc4 Bc5 4. d3 Nf6 5. Bg5 h6 6. Bh4 Be7 7. O-O O-O 8. Nc3
d6 9. h3 Na5 10. Bb3 Nxb3 11. axb3 c6 12. Re1 Nh5 13. Bxe7 Qxe7 14. d4 Nf4 15.
dxe5 dxe5 16. Ne2 Qf6 17. Nxf4 Qxf4 18. Qd3 Be6 19. Rad1 Rad8 20. Qxd8 Rxd8 21.
Rxd8+ Kh7 22. Re3 Qf6 23. Red3 Qe7 24. Kh2 f5 25. Nxe5 fxe4 26. R3d6 Qf6 27.
Nd7 Qxd8 0-1

[Event "Bayrische EM (D)"]
[Site "Bad Königshofen"]
[Date "2010.08.29"]
[Round "9.2"]
[White "Schneider, Simone"]
[Black "Dauer, Christina"]
[Result "0-1"]
[WhiteElo "1434"]
[BlackElo "1882"]
[PlyCount "46"]
[EventDate "2010.??.??"]
[WhiteTeam "Schachklub Immenstadt"]
[BlackTeam "Spgem Kötz/Ichenhausen"]

1. Nf3 d5 2. g3 Nf6 3. Bg2 c6 4. O-O Bf5 5. d3 Nbd7 6. Re1 Qb6 7. h3 e5 8. Nbd2
Bc5 9. e3 O-O 10. a3 Rae8 11. b4 Bd6 12. Nb3 e4 13. Nfd4 Bg6 14. f4 exf3 15.
Qxf3 Nc5 16. Qe2 Qc7 17. e4 dxe4 18. dxe4 Ncd7 19. g4 Nxe4 20. Nf5 Bxf5 21.
gxf5 Bh2+ 22. Kf1 Ng3+ 23. Kf2 Nxe2 0-1

[Event "Bayrische EM (D)"]
[Site "Bad Königshofen"]
[Date "2010.08.29"]
[Round "9.3"]
[White "Narr, Irmgard"]
[Black "Zwetz, Anita"]
[Result "1-0"]
[WhiteElo "1760"]
[BlackElo "1876"]
[PlyCount "91"]
[EventDate "2010.??.??"]
[WhiteTeam "SC Mühlhof-Reichelsdorf e.V."]
[BlackTeam "TSV Kareth-Lappersdorf"]

1. e4 e6 2. Nf3 d5 3. exd5 exd5 4. d4 c6 5. Bd3 Bd6 6. O-O Ne7 7. Bg5 f6 8. Be3
Bf5 9. Nc3 Nd7 10. Ne2 Nf8 11. c3 g5 12. Qc2 Qd7 13. Ng3 Bg6 14. b4 h5 15.
Bxg6+ Nfxg6 16. Rfe1 h4 17. Nf1 g4 18. N3d2 Kf7 19. f3 Rag8 20. Re2 gxf3 21.
Nxf3 Nf4 22. Bxf4 Bxf4 23. Kh1 h3 24. g3 Qg4 25. Qd3 Nf5 26. gxf4 Qxf4 27. Rae1
Rg7 28. Ng3 Rxg3 29. hxg3 Nxg3+ 30. Kg1 Nxe2+ 31. Qxe2 Qg3+ 32. Kh1 Qd6 33. Qh2
Qd7 34. Rf1 Ke7 35. Re1+ Kf7 36. Qf4 Qd8 37. Ne5+ Kg7 38. Rg1+ Kf8 39. Ng6+ Kf7
40. Nxh8+ Qxh8 41. Qc7+ Ke6 42. Re1+ Kf5 43. Qd7+ Kf4 44. Qe6 Qh4 45. Rf1+ Kg3
46. Qe3+ 1-0

[Event "Bayrische EM (D)"]
[Site "Bad Königshofen"]
[Date "2010.08.29"]
[Round "9.4"]
[White "Müller, Liliane"]
[Black "Roos, Karin"]
[Result "0-1"]
[WhiteElo "1597"]
[BlackElo "1846"]
[PlyCount "94"]
[EventDate "2010.??.??"]
[WhiteTeam "1.Schachklub Neuperlach e.V."]
[BlackTeam "FC Bayern München e.V."]

1. d4 g6 2. Nf3 Bg7 3. c4 c5 4. Nc3 cxd4 5. Nxd4 d6 6. e3 Nf6 7. Be2 Bd7 8. O-O
Nc6 9. Bf3 a6 10. Nxc6 bxc6 11. e4 O-O 12. Qe1 Qc8 13. h3 Be6 14. Be3 Nd7 15.
Rc1 Ne5 16. Na4 Rb8 17. b3 c5 18. Nc3 Bxh3 19. Nd5 Re8 20. gxh3 Qxh3 21. Bg2
Qh4 22. Bf4 e6 23. Bg3 Qg5 24. Qe3 Qh5 25. Nf4 Qh6 26. Nh3 Qxe3 27. fxe3 Rb6
28. Nf2 a5 29. Rcd1 a4 30. Bxe5 dxe5 31. Ng4 axb3 32. axb3 Rxb3 33. Rd7 f5 34.
exf5 gxf5 35. Nf2 Rxe3 36. Bc6 Rc8 37. Bb5 Rg3+ 38. Kh2 Rg6 39. Rg1 Bf6 40. Ra1
Rg7 41. Rd6 e4 42. Rxe6 Bxa1 43. Nh3 Bd4 44. Nf4 Ra8 45. Nd5 Ra2+ 46. Kh3 Ra3+
47. Kh2 Bg1+ 0-1

[Event "Bayrische EM (D)"]
[Site "Bad Königshofen"]
[Date "2010.08.29"]
[Round "9.5"]
[White "Gremer, Kathrin"]
[Black "Stegmaier, Erika"]
[Result "0-1"]
[WhiteElo "1743"]
[BlackElo "1600"]
[PlyCount "88"]
[EventDate "2010.??.??"]
[WhiteTeam "SC Steinwiesen"]
[BlackTeam "1.Schachklub Neuperlach e.V."]

1. e4 c5 2. Nf3 Nc6 3. Bc4 e6 4. Nc3 a6 5. a3 Nf6 6. d3 Be7 7. h3 d6 8. O-O O-O
9. Re1 Qc7 10. Bf4 e5 11. Bh2 b5 12. Ba2 Bb7 13. Nd5 Nxd5 14. exd5 Nb8 15. c4
Nd7 16. Bg3 Nf6 17. Nh4 Bc8 18. b4 Bd7 19. Nf3 Rfe8 20. Rc1 h6 21. Qb3 bxc4 22.
dxc4 Rab8 23. Qc3 Rbc8 24. Nd2 Bf5 25. Bb1 Bxb1 26. Rxb1 Ra8 27. Ne4 Nxe4 28.
Rxe4 Bf6 29. bxc5 Qxc5 30. Qb4 Qc7 31. Qb6 Qd7 32. Qa5 Qf5 33. Ree1 Rec8 34.
Qc3 Rab8 35. Rxb8 Rxb8 36. c5 dxc5 37. Qxc5 Rb2 38. d6 Rd2 39. Bxe5 Bxe5 40.
Rxe5 Rd1+ 41. Kh2 Qf4+ 42. g3 Qf3 43. Re8+ Kh7 44. g4 Rh1# 0-1

[Event "Bayrische EM (D)"]
[Site "Bad Königshofen"]
[Date "2010.08.29"]
[Round "9.6"]
[White "Nieberle, Cornelia"]
[Black "Zürner, Bianca"]
[Result "1-0"]
[WhiteElo "1722"]
[BlackElo "1231"]
[PlyCount "89"]
[EventDate "2010.??.??"]
[WhiteTeam "SK Bobingen"]
[BlackTeam "SV Thiersheim"]

1. d4 d5 2. e3 Bf5 3. Bd3 Bg6 4. c4 dxc4 5. Bxc4 Nd7 6. Nf3 Ngf6 7. Nc3 e6 8.
O-O Nb6 9. Bd3 c6 10. Ne5 Bd6 11. f4 O-O 12. Qc2 Nbd5 13. a3 b6 14. Nxc6 Qc7
15. Ne5 Nxc3 16. bxc3 Rac8 17. Bd2 Bxd3 18. Qxd3 Nd7 19. Nxd7 Qxd7 20. a4 a5
21. Rfb1 Qc6 22. Qb5 Qxb5 23. Rxb5 Rb8 24. Rab1 Bc7 25. c4 Rfd8 26. Kf2 f5 27.
Ke2 Kf7 28. Bc3 g6 29. c5 bxc5 30. dxc5 Rxb5 31. Rxb5 Kg8 32. Bxa5 Bxa5 33.
Rxa5 h5 34. Ra6 Kf7 35. a5 Rd7 36. Rd6 Ke7 37. Rxd7+ Kxd7 38. Kd3 Kc6 39. Kc4
Kc7 40. Kb5 Kb7 41. a6+ Ka7 42. c6 h4 43. c7 e5 44. c8=Q exf4 45. Qb7# 1-0

[Event "Bayrische EM (D)"]
[Site "Bad Königshofen"]
[Date "2010.08.29"]
[Round "9.7"]
[White "Weiss, Monika"]
[Black "Groschwitz, Isabella"]
[Result "1/2-1/2"]
[WhiteElo "1661"]
[BlackElo "1442"]
[PlyCount "128"]
[EventDate "2010.??.??"]
[WhiteTeam "SC Bavaria Regensb.1881"]
[BlackTeam "SF Fichtelgebirge"]

1. e4 e5 2. Nc3 Nc6 3. Bc4 Bc5 4. a3 d6 5. Na4 Bb6 6. Nxb6 axb6 7. h3 Nf6 8. d3
O-O 9. b4 Be6 10. Bxe6 fxe6 11. Nf3 Nxb4 12. Bg5 Nc6 13. O-O Qe8 14. Nd2 Qg6
15. Bxf6 Rxf6 16. c3 Raf8 17. Qe2 Qg5 18. f3 Ne7 19. Rf2 Ng6 20. Kh1 Qh4 21.
Rg1 Nf4 22. Qe3 Rh6 23. Nf1 Nxd3 24. Rd2 Nc5 25. Qe2 Nd7 26. Qc4 Nc5 27. Qe2
Qe7 28. c4 Qd7 29. Ne3 Nb3 30. Ra2 Nd4 31. Qd3 b5 32. cxb5 Nxb5 33. Rb1 c6 34.
a4 Ra8 35. Qb3 Nd4 36. Qxb7 Qxb7 37. Rxb7 Rf6 38. Nc4 d5 39. Nxe5 Rff8 40. Rb6
Rfc8 41. a5 c5 42. exd5 exd5 43. Rd6 Nb3 44. a6 d4 45. Rb6 c4 46. Nxc4 Rxc4 47.
Rxb3 Rc3 48. Rxc3 dxc3 49. a7 c2 50. Rxc2 Rxa7 51. g4 h6 52. h4 g6 53. Kg2 Kg7
54. Kg3 Rf7 55. f4 Kh7 56. Rf2 Kg7 57. f5 Rf6 58. fxg6 Rxg6 59. h5 Rf6 60. Rxf6
Kxf6 61. Kf4 Kg7 62. Kf5 Kf7 63. g5 hxg5 64. h6 g4 1/2-1/2